| 000 | 00429nam a22001457a 4500 | ||
|---|---|---|---|
| 999 |
_c18649 _d18649 |
||
| 008 | 201204b xxu||||| |||| 00| 0 eng d | ||
| 020 | _a1498708784 | ||
| 050 |
_aQR201 _b.F66 2016 c.1 |
||
| 245 |
_aFood Microbiology _bin Human Health and Diseases _cEdited by nancy M. Khardori |
||
| 260 |
_aLondon _bCRC Press _c2016 |
||
| 300 | _avi, 186p. | ||
| 650 | _aFoodborne diseases | ||
| 650 |
_aFood _vMicrobiology |
||
| 942 |
_2lcc _cBK |
||